000 00398nam a2200145Ia 4500
008 230711s9999||||xx |||||||||||||| ||und||
041 _aENG
082 _a621
_bEL-E
100 _aElgerd,Olle I
245 0 _aElectric Energy Systems Theory: An Introduction
250 _a2nd . Ed.
260 _c2003
_aNew Delhi
_bTata McGraw Hill Education Limited
650 _aElectrical Engineering
942 _cBK
999 _c4132
_d4132